000
00326nam a22001457a 4500
003
SGT
020
_a
9788184877342
082
_a
624,MEN
100
_a
MENON,DEVDAS
245
_a
STRUCTURAL ANALYSIS
260
_a
NEW DELHI
_b
NAROSA PUB. HOUSE
_c
2023
300
_a
22.61
650
_a
CIVIL ENGINEERING
942
_2
ddc
_c
BK
_0
2
999
_c
24904
_d
24904